| 000 | 00741nam a22002297a 4500 | ||
|---|---|---|---|
| 003 | BUBTL | ||
| 008 | 140130b xxu||||| |||| 00| 0 eng d | ||
| 020 | _a9789351340065 | ||
| 082 | _a658.4LEB | ||
| 100 |
_9120 _aLesikar, Raymond V. |
||
| 245 |
_a Business communication : making connections in a digital world/ _c Raymond V. Lesikar,Marie E. Flatley,Kathryn Rentz,Neerja Pande |
||
| 250 | _a11th ed. | ||
| 260 |
_bMcGraw HillEducation, _cc1999. _aNew Delhi : |
||
| 300 |
_axxix,737 p. : _bill. ; _c24 cm. |
||
| 650 | 0 |
_939 _aManagement |
|
| 700 |
_91730 _a Flatley, Marie E. |
||
| 700 |
_91731 _aRentz,Kathryn |
||
| 700 |
_91732 _aPande,Neerja |
||
| 856 |
_k0 _l0 _yDownload |
||
| 942 |
_2ddc _cBK |
||
| 999 |
_c5640 _d5640 |
||